Building Maintenance

Saved in:
Bibliographic Details
Main Author: SEELEY, Ivor H.
Format: Book
Language:English
Published: Macmillan, 2012
Tags: Add Tag
No Tags, Be the first to tag this record!

MARC

LEADER 00000nam a22000007a 4500
008 240710b |||||||| |||| 00| 0 eng d
020 |a 0-333-45701-3 
100 |a SEELEY, Ivor H. 
245 |a Building Maintenance  |c Ivor H. Seeley  |g xviii, 452p. : ill. 
250 |b 2nd ed. 
260 |b  Macmillan,  |c  2012  |h London:  |i 701204   |i 701205  |i 701205  |l TH3351 .S3  |m Building – Maintenance 
500 |a “It includes references and index” 
942 |a lcc  |c BK  |e Adeniran, F. A  |f 10/10/2024 
952 |0 0  |1 0  |2 lcc  |4 0  |6 TH3351 S3  |7 0  |9 5381  |a EDM  |b HOL  |c QZ  |d 2024-07-10  |l 0  |n 3  |o TH3351 .S3  |p 2024-0622  |r 2024-07-10 00:00:00  |t 701204  |w 2024-07-10  |y BK 
952 |0 0  |1 0  |2 lcc  |4 0  |6 TH3351 S3  |7 0  |9 5382  |a HOL  |b HOL  |c QZ  |d 2024-07-10  |l 0  |n 3  |o TH3351 .S3  |p 2024-0623  |r 2024-07-10 00:00:00  |t 701205  |w 2024-07-10  |y BK 
952 |0 0  |1 0  |2 lcc  |4 0  |6 TH3351 S3  |7 0  |9 5383  |a HOL  |b HOL  |c QZ  |d 2024-07-10  |l 0  |n 3  |o TH3351 .S3  |p 2024-0624  |r 2024-07-10 00:00:00  |t 701206  |w 2024-07-10  |y BK 
999 |c 2661  |d 2661